Pays d'Océanie à l'aveugle - Statistiques

Statistiques générales
  • Ce quiz a été pris 133 fois
  • Le résultat moyen est 13 sur 14
Statistiques - réponses
Réponse % Correct
Australie
100%
Nouvelle-Zélande
97%
Fidji
96%
Iles Marshall
94%
Salomon
93%
Etats Fédérés de Micronésie
91%
Nauru
91%
Papouasie-Nouvelle-Guinée
91%
Tuvalu
91%
Vanuatu
91%
Samoa
90%
Kiribati
89%
Tonga
89%
Palaos
84%
Aucun quiz correspondant
Distribution des résultats
% des personnes avec chaque résultat
Percentile par nombre de réponses
Votre historique - résultats
Vous n’avez pas pris ce quiz